Look inside things that go / (Record no. 50240)
| 000 -LEADER | |
|---|---|
| fixed length control field | 00317nam a2200109 4500 |
| 020 ## - INTERNATIONAL STANDARD BOOK NUMBER | |
| International Standard Book Number | 6573452673526 |
| 100 ## - MAIN ENTRY--PERSONAL NAME | |
| Personal name | Jones, Rob Lloyd |
| 9 (RLIN) | 83908 |
| 245 ## - TITLE STATEMENT | |
| Title | Look inside things that go / |
| Statement of responsibility, etc | Rob Lloyd & Stefano Tognetti |
| 260 ## - PUBLICATION, DISTRIBUTION, ETC. (IMPRINT) | |
| Place of publication, distribution, etc | London |
| Name of publisher, distributor, etc | Usborne Publishing |
| Date of publication, distribution, etc | 2013 |
| 300 ## - PHYSICAL DESCRIPTION | |
| Extent | unpaged. |
| Other physical details | col. ill. |
| Dimensions | 22 cm. |
| 942 ## - ADDED ENTRY ELEMENTS (KOHA) | |
| Source of classification or shelving scheme | |
| Koha item type | Board Book |
| Withdrawn status | Lost status | Source of classification or shelving scheme | Damaged status | Not for loan | Collection code | Home library | Current library | Date acquired | Total Checkouts | Full call number | Barcode | Date last seen | Price effective from | Koha item type |
|---|---|---|---|---|---|---|---|---|---|---|---|---|---|---|
| Non-Fiction | Asian Hope Early Years Library | Asian Hope Early Years Library | 03/09/2026 | BB 629.046 JON | 208023 | 03/09/2026 | 03/09/2026 | Board Book |